00633 2200181 4500001002100000005001500021035002000036245005000056100002100106250001700127300003400144260003600178082001000214084001600224020002200240650001200262520017700274INLIS00000000000058820240822092410 a0010-08240001061 aMenyelamatkan Sri Baginda /cDwianto setyawan0 aDwianto setyawan acetakan ke-2 aviii, 88 hlm :bIlus ;c21 cm aJakarta :bBalai Pustaka,c2007 a398.2 a398.2 DWI m a978-979-666-189-6 4aDongeng a... Orang utan mengguncang-guncangkan badan Dodor dengan kakinya. Betapa terkejut Dodor melihat seekor orang utan berdiri sambil menginjak dadanya. Ia memekik ketakutan....